000
00261nam a22001097a 4500
082
_a
574
_b
SAX/B
100
_a
O.P.SAXENA
245
_a
BIOLOGY FOR CLASS XII
260
_a
DELHI
_b
DHANPAT RAI PUBLICATIONS
_c
2005
650
_a
BIOLOGY FOR CLASS XII
_z
INDIA
942
_c
BK
999
_c
737
_d
737